00258nam a2200121Ia 45000030006000000080041000060400015000471000022000622450014000842600009000985460012001070050017001190STCL150530s9999 xx 000 0 und d aSTCLcSTCL aDaphne Du Maurier aParasites c1965 aEnglish20220125171347.0